<?xml version="1.0" encoding="UTF-8"?>
<record
    xmlns:xsi="http://www.w3.org/2001/XMLSchema-instance"
    xsi:schemaLocation="http://www.loc.gov/MARC21/slim http://www.loc.gov/standards/marcxml/schema/MARC21slim.xsd"
    xmlns="http://www.loc.gov/MARC21/slim">

  <leader>00310nam a2200109Ia 4500</leader>
  <controlfield tag="001">588694</controlfield>
  <controlfield tag="005">20250717120836.0</controlfield>
  <controlfield tag="008">250717s9999    xx            000 0 und d</controlfield>
  <datafield tag="245" ind1=" " ind2="0">
    <subfield code="a">Y-4 T&#xDC;RK&#x130;YE SEL&#xC7;UKLU BA&#x15E;KENTLER&#x130; &#x130;ZN&#x130;K VE KONYA</subfield>
    <subfield code="c">M.AL&#x130; HACIG&#xD6;KMEN</subfield>
  </datafield>
  <datafield tag="260" ind1=" " ind2=" ">
    <subfield code="b">&#xC7;&#x130;ZG&#x130; YAYINLARI</subfield>
    <subfield code="c">2019</subfield>
  </datafield>
  <datafield tag="300" ind1=" " ind2=" ">
    <subfield code="b">112</subfield>
  </datafield>
  <datafield tag="999" ind1=" " ind2=" ">
    <subfield code="c">588694</subfield>
    <subfield code="d">588694</subfield>
  </datafield>
</record>
